000 03279nam a2200469 a 4500
003 CHAP
005 20250612093549.0
007 cr ||||||a|c|a
008 101112s2010 mx r 00010 spa d
035 _a111430
040 _cCHAP
090 _aTesis
100 1 _aSerrano Castillejos, Jesús
_9105209
245 1 0 _aControl de (Sorghum halepense L.) resistente a herbicidas inhibidores de la enzima ALS en invernadero
_c/por Jesús Serrano Castillejos; Director de tesis J. Antonio Tafoya Razo.
264 1 _aChapingo, Méx. :
_bEl autor,
_c2010.
300 _a1 recurso en línea (57 páginas):
_bcuadros, gráficas.
336 _2rdacontent
_atexto
_btxt
337 _2rdamedia
_acomputadora
_bc
338 _2rdacarrier
_arecursos en línea
_bcr
502 _bIAEPA
_cParasitología
_d2010.
_gLIC
520 _aEl presente trabajo se realizó con el objetivo de controlar un biotipo de Sorghum halepense L. resistente a los herbicidas inhibidores de la enzima ALS (Acetolactato Sintetasa) en invernadero, además de que se comprobó la resistencia de este biotipo. Para esto se utilizaron 5 diferentes dosis (1/4X, 1/2X, 1X, 2X y 4X) siendo X la dosis comercial del producto. En el caso de las mezclas se utilizaron 4 diferentes ingredientes activos (nicosulfuron, metolaclor, atrazina, y mesotrione) haciendo diferentes mezclas respecto a las dosis entre éstos. Los biotipos de Sorghum halepense L. utilizados en el bioensayo, se obtuvieron en el ejido “el coyolar” perteneciente al municipio de Isla en el estado de Veracruz. La aplicación de los herbicidas se realizó en postemergencia cuando las plantas tenían un promedio de 5 hojas verdaderas. El diseño experimental utilizado fue completamente al azar, con 6 tratamientos y 5 repeticiones cada uno. Las unidades experimentales fueron macetas de plástico de 4 L con 7 plantas cada una. Se cuantifico el peso fresco a los 30 días después de la aplicación (DDA). Los resultados muestran que existe resistencia del biotipo Coyolar a los herbicidas inhibidores de la enzima ALS ya que no fue controlado ni con 4 veces la dosis recomendada del producto comercial. En cuanto a las mezclas, la mejor mezcla para el control de Sorghum halepense L. resistente fue la de nicosulfuron + metolaclor + atrazina + mesotrione utilizando solo media dosis de sus productos comerciales.
590 _aALEPH
_b10
_c20130110
590 _aBATCH-UPD
_b10
_c20130110
590 _aBATCH-UPD
_b10
_c20130410
590 _aBATCH-UPD
_b10
_c20130914
590 _aBATCH-UPD
_b10
_c20140324
590 _aBATCH-UPD
_b10
_c20141002
590 _aCONVERSION
_b10
_c20130109
650 1 4 _aCultivos en invernadero.
_930376
650 1 4 _aEnzimas.
_937195
650 1 4 _aHerbicidas
_xEfecto en pastos.
_953695
650 1 4 _aPastos
_xMalas hierbas
_xControl.
_986057
650 1 4 _aZacate Johnson.
_9123396
700 0 _aTafoya Razo, José Antonio
_eDirector de tesis.
_9111341
856 _uhttp://10.13.5.2/tesis/111430.pdf
_zDESCARGAR PDF
901 _aBK
942 _cTD
_2Clasificación Universidad Autónoma Chapingo
949 _aTesis
_bBC
_cTES
_d33724002220413
_eTS2
_fc.2
_gDonaciØn
_h51403
_i111430
_sb
949 _aTesis
_bBC
_cTES
_d33724002220454
_eTS1
_gDonaciØn
_h51402
_i111430
_sb
999 _c99772
_d99772